Kobiece imiona na literę J - Statystyki

Ogólne statystyki
  • Ten quiz został rozwiązany 3 799 razy
  • Średni wynik to 6 z 11
Statystyki odpowiedzi
Odpowiedzi % Poprawnych
Julia
86%
Joanna
79%
Janina
74%
Jadwiga
72%
Jolanta
68%
Justyna
62%
Jagoda
56%
Judyta
42%
Józefa
30%
Jagna
27%
Jarosława
26%
Nie znaleziono quizów pasujących do podanych kryteriów
Rozkład punktacji
Procent ludzi z każdym wynikiem
Percentyl według liczby udzielonych odpowiedzi
Twoja historia wyników
Nie rozwiązałeś tego quizu